| 000 | 00000nam 2200000zi 4500 |
| 001 | 9.955303 |
| 003 | CaOODSP |
| 005 | 20250915091923 |
| 006 | m o d f |
| 007 | cr cn||||||||| |
| 008 | 250915e20250620onc ob f000 0 eng d |
| 040 | |aCaOODSP|beng|erda|cCaOODSP |
| 043 | |an-cn--- |
| 086 | 1 |aRv55-8/21-1-1-2025E-PDF |
| 245 | 00|aCustoms privileges for diplomatic missions, consular posts and international organizations (tariff item no. 9808.00.00). |
| 250 | |a[June 20, 2025 edition]. |
| 264 | 1|aOttawa : |bCanada Border Services Agency = Agence des services frontaliers du Canada, |cJune 20, 2025. |
| 300 | |a1 online resource (15 unnumbered pages). |
| 336 | |atext|btxt|2rdacontent |
| 337 | |acomputer|bc|2rdamedia |
| 338 | |aonline resource|bcr|2rdacarrier |
| 490 | 1 |aMemorandum, |x2369-2391 ; |vD21-1-1 |
| 500 | |aCaption title. |
| 500 | |aIssued also in French under title: Privilèges douaniers accordés aux missions diplomatiques, aux postes consulaires et aux organisations internationales (n° tarifaire 9808.00.00). |
| 500 | |a"Superseded memoranda D D21-1-1 dated October 24, 2024." |
| 504 | |aIncludes bibliographical references. |
| 520 | |a"This memorandum outlines and explains the importation privileges granted to foreign representatives posted to Canada and assigned to diplomatic missions, consular posts, and international organizations accredited by the Global Affairs Canada (GAC)"--Page [1]. |
| 650 | 0|aImports|xGovernment policy|zCanada. |
| 650 | 0|aDiplomatic and consular service, Canadian. |
| 650 | 0|aCustoms administration|xGovernment policy|zCanada. |
| 710 | 2 |aCanada Border Services Agency, |eissuing body. |
| 775 | 08|tPrivilèges douaniers accordés aux missions diplomatiques, aux postes consulaires et aux organisations internationales (n° tarifaire 9808.00.00).|w(CaOODSP)9.955304 |
| 795 | |tCustoms privileges for diplomatic missions, consular posts and accredited international organizations (tariff Item no. 9808.00.00) |b[January 4, 2018 edition]|w(CaOODSP)9.850834 |
| 830 | #0|aMemorandum (Canada Border Services Agency)|x2369-2391 ; |vD21-1-1.|w(CaOODSP)9.816825 |
| 856 | 40|qPDF|s410 KB|uhttps://publications.gc.ca/collections/collection_2025/asfc-cbsa/Rv55-8-21-1-1-2025-eng.pdf |
| 856 | 4 |qHTML|sN/A|uhttps://www.cbsa-asfc.gc.ca/publications/dm-md/d21/d21-1-1-eng.html |